[Event "POL-chT3 Pomorskie"]
[Site "Poland"]
[Date "2007.05.27"]
[Round "?"]
[White "Tyda, Agata"]
[Black "Biskup, Izabela"]
[Result "0-1"]
[WhiteElo "1600"]
[BlackElo "1800"]
[PlyCount "61"]
[EventDate "2007.03.25"]
[EventType "team-tourn"]
[EventRounds "10"]
[EventCountry "POL"]
[SourceTitle "EXT 2019"]
[Source "ChessBase"]
[SourceDate "2018.10.10"]
[SourceVersion "1"]
[SourceVersionDate "2018.10.10"]
[SourceQuality "1"]

1. e4 e5 2. Nf3 d6 3. c3 Nf6 4. d3 Be7 5. Be3 0-0 6. Nbd2 Be6 7. d4 exd4 8. cxd4 c6 9. Qc2 h6 10. Be2 Nbd7 11. Rd1 Nb6 12. b3 Rc8 13. 0-0 Qc7 14. Rc1 Qd7 15. Rfe1 Ng4 16. Nc4 Nxe3 17. Nxe3 d5 18. e5 f5 19. exf6 Bxf6 20. Bd3 Rce8 21. Nf5 Nc8 22. Re5 Bxe5 23. Nxe5 Qc7 24. Nd6 g5 25. Nxe8 Rxe8 26. Bg6 Re7 27. Bh5 Nd6 28. Qg6+ Rg7 29. Qxe6+ Kh7 30. Bg6+ Kh8 31. Bd3 0-1